Kỹ thuật sửa chữa ô tô và động cơ nổ hiện đại. T.1, động cơ xăng /

Phân loại động cơ; Động cơ xăng bốn thì; Động cơ xăng hai thì; Các loại động cơ đặc biệt; Các chi tiết chủ yếu của động cơ đốt trong; Hệ thống nhiên liệu.

Guardado en:
Detalles Bibliográficos
Autor principal: Nguyễn Oanh.
Formato: Libro
Lenguaje:Vietnamese
Publicado: Đồng Nai : Nxb tổng hợp Đồng Nai, 2000.
Materias:
Etiquetas: Agregar Etiqueta
Sin Etiquetas, Sea el primero en etiquetar este registro!
Thư viện lưu trữ: Mạng thư viện Đại học Đà Nẵng
LEADER 01123cam a2200349 a 4500
001 000047022
003 6544
005 20060419082844.0
008 010306b2000 vm 000 vie
020 |c 22000 
022 |a T 
040 |a IRC  |c IRC  |d IRC 
041 0 |a vie 
082 1 4 |a 629.2504  |b NG-O 
100 1 |a Nguyễn Oanh. 
245 1 0 |a Kỹ thuật sửa chữa ô tô và động cơ nổ hiện đại.  |n T.1,  |p động cơ xăng /  |c Nguyễn Oanh. 
260 |a Đồng Nai :  |b Nxb tổng hợp Đồng Nai,  |c 2000. 
300 |a 251 tr. :  |b mh. ;  |c 24 cm. 
520 3 |a Phân loại động cơ; Động cơ xăng bốn thì; Động cơ xăng hai thì; Các loại động cơ đặc biệt; Các chi tiết chủ yếu của động cơ đốt trong; Hệ thống nhiên liệu. 
630 0 4 |a Ô tô. 
630 0 4 |a Động cơ nổ. 
650 0 4 |a Động cơ xăng. 
OWN |a DUT 
999 |a From the UDN01 
TYP |a Monograph 
TYP |a Printed language 
980 |a Mạng thư viện Đại học Đà Nẵng